|
|
|
|
| LEADER |
00000nkm a2200000 a 4500 |
| 001 |
vtls011982376 |
| 003 |
SK-MaSNL |
| 005 |
20260512124341.0 |
| 007 |
kp bo |
| 008 |
231121s1959 xo g 0k|slo |
| 015 |
|
|
|a SNBG1959
|
| 035 |
|
|
|a urn:nbn:sk:snk-km00fccy
|
| 035 |
|
|
|a urn:nbn:sk:snk-km45ud0
|
| 035 |
|
|
|a 2C062FAF-6FE2-4D5F-A8A3-366D4A9E2B93
|
| 040 |
|
|
|a SNK
|b slo
|c SNK
|e AACR2
|
| 041 |
|
|
|a slo
|
| 043 |
|
|
|a e-xo---
|
| 044 |
|
|
|a xo
|c SK
|
| 072 |
|
7 |
|a 913
|x Regionálna geografia
|2 konspekt
|
| 080 |
|
|
|a 913(437.6)
|2 2011
|
| 080 |
|
|
|a (084.121)
|2 2011
|
| 080 |
|
|
|a 721
|2 2011
|
| 080 |
|
|
|a 614.2:725.1
|2 2011
|
| 245 |
0 |
0 |
|a Ružomberok
|h grafika
|b Okresný ústav nár. zdravia
|
| 246 |
3 |
3 |
|a Ružomberok
|b Okresný ústav národného zdravia
|
| 260 |
|
|
|a Martin
|b Osveta
|a Bratislava
|b PŠK
|c 1959
|
| 300 |
|
|
|a 1 pohľadnica
|b čiernobiela
|c 11 x 15 cm
|
| 520 |
8 |
|
|a Zobrazenie: Pohľad na budovu Okresného ústavu národného zdravia popri plote ktorý je pri budove vedie chodník po ktorom kráčajú ľudia pri chodníku stojí zaparkovaný automobil
|
| 610 |
2 |
7 |
|a Okresný ústav národného zdravia (Ružomberok, Slovensko)
|2 SNKKA
|9 565386
|
| 650 |
0 |
7 |
|a budovy
|2 SNKPH
|9 1283
|
| 650 |
0 |
7 |
|a zdravotnícke zariadenia
|2 SNKPH
|9 3009
|
| 651 |
|
7 |
|a Ružomberok (Slovensko)
|2 SNKPHgeo
|9 24370
|
| 655 |
|
7 |
|a miestne pohľadnice
|2 SNKPH
|9 70510
|
| 852 |
|
|
|a Slovenská národná knižnica
|
| 958 |
|
|
|a GBN
|
| 958 |
|
|
|a OND
|
| 958 |
|
|
|a GC
|
| 958 |
|
|
|a EUIPO
|
| 999 |
|
|
|c 866992
|d 868922
|
| 952 |
|
|
|a SNK
|b SNK
|y PREZ
|7 0
|p 17A1221316
|o snkSP 20775
|0 0
|1 0
|4 0
|d 2020-07-17
|f 1
|l 0
|r 2026-02-24 05:30:38
|w 2026-02-24
|